Reconstruction : a historical encyclopedia of the American mosaic /

Bibliographic Details
Corporate Author: ebrary, Inc
Other Authors: Zuczek, Richard, 1966-
Format: eBook
Language:English
Published: Santa Barbara, California : Greenwood, an Imprint of ABC-CLIO, LLC, 2016.
Subjects:
Online Access:Connect to the full text of this electronic book

MARC

Tag First Indicator Second Indicator Subfields
LEADER 00000cam a22000001i 4500
001 in00003607608
006 m |o d |
007 cr |n|||||||||
008 160215s2016 caua obe 001 0deng d
005 20250816203608.4
020 |a 9781610699181 (electronic bk.) 
020 |a 1610699181 (electronic bk.) 
020 |z 9781610699174 (alk. paper) 
020 |z 1610699173 (alk. paper) 
024 8 |a 99971300320 
035 |a (NhCcYBP)ebr11153731 
040 |a NhCcYBP  |c NhCcYBP  |d UtOrBLW 
043 |a n-us---  |a n-usu-- 
050 4 |a E668  |b .R35 2016 
082 0 4 |a 973.803  |2 23 
245 0 0 |a Reconstruction :  |b a historical encyclopedia of the American mosaic /  |c Richard Zuczek, editor. 
264 1 |a Santa Barbara, California :  |b Greenwood, an Imprint of ABC-CLIO, LLC,  |c 2016. 
300 |a 1 online resource. 
336 |a text  |b txt  |2 rdacontent 
337 |a computer  |b c  |2 rdamedia 
338 |a online resource  |b cr  |2 rdacarrier 
504 |a Includes bibliographical references (pages 417-419) and index. 
588 |a Description based on print version record. 
500 |a Electronic resource. 
650 0 |a Reconstruction (U.S. history, 1865-1877)  |v Encyclopedias. 
655 7 |a Electronic books.  |2 local 
700 1 |a Zuczek, Richard,  |d 1966-  |0 http://id.loc.gov/authorities/names/n95120282 
710 2 |a ebrary, Inc.  |0 http://id.loc.gov/authorities/names/no2007088509 
776 1 8 |c Original  |z 9781610699174  |z 1610699173  |w (DLC) 2015019206 
856 4 1 |u https://ebookcentral.proquest.com/lib/tamucs/detail.action?docID=4385379  |y Connect to the full text of this electronic book  |t 0 
955 |a YBP purchased DDA e-records 
980 |b 150.00  |g 1 
987 |a ybp12685902 
999 f f |s e62eec1a-35c6-3c64-9263-324c19771b8a  |i b32d671b-0916-37ca-bf9a-337a19af8228  |t 0 
952 f f |a Texas A&M University  |b College Station  |c Electronic Resources  |d Available Online  |t 0  |e E668 .R35 2016  |h Library of Congress classification 
998 f f |a E668 .R35 2016  |t 0  |l Available Online